000 00558nam a2200241Ia 4500
008 210210b1946 xxu||||| |||| 00| 0 eng d
041 _aeng
082 _a335/241
100 _aNARAYANASWAMY
245 _aEconomics of Indian agriculture Part I and II
260 _aMadras
_bRochouse & Sons Pvt Ltd.,
_c1946
650 _aPart
650 _aof
650 _aIndian
650 _aII
650 _aI
650 _aEconomics
650 _aand
650 _aagriculture
690 _aIndian Economics
700 _aNARASIMHAN
906 _a004583
999 _c126544
_d126544